| 000 | 00755nam a2200229Ia 4500 | ||
|---|---|---|---|
| 005 | 20230208105900.0 | ||
| 008 | 210716s2010 xx 000 0 und d | ||
| 020 | _a9788184870282 | ||
| 040 | _cAIMIT LIBRARY | ||
| 041 | _aeng | ||
| 082 |
_a660.63 _21 _bDUAS |
||
| 100 |
_aDua, Saroj. _971253 |
||
| 245 |
_aBiochemical methods of analysis: _btheory and applications / _cBy Saroj Dua and Neera Garg. |
||
| 250 | _a1st ed. | ||
| 260 |
_aNew Delhi : _bNarosa Publishing House , _c2010. |
||
| 300 |
_aviii,6.33, I.3P. ; _c24 cm. |
||
| 650 |
_aDialysis and ultrafiltration _971254 |
||
| 650 |
_aColorimetry and spectrophotometry _971255 |
||
| 650 |
_aRadioisotope technique _971256 |
||
| 700 |
_aGarg, Neera. _971257 |
||
| 942 |
_2ddc _cBK _e1st _k660.63 DUAS |
||
| 999 |
_c187808 _d187808 |
||